Covid-19: (Record no. 194555)
[ view plain ]
| 000 -LEADER | |
|---|---|
| fixed length control field | 00879nam a22002057a 4500 |
| 005 - DATE AND TIME OF LATEST TRANSACTION | |
| control field | 20230503164602.0 |
| 010 ## - LCCN (DPL NO) | |
| LC control number | B-746948-951 E.N.A./7.11.22 |
| 020 ## - INTERNATIONAL STANDARD BOOK NUMBER | |
| International Standard Book Number | 9789390095087 |
| Terms of availability | 895.00 |
| 035 ## - SYSTEM CONTROL NUMBER | |
| System control number | B-746948-951 |
| 037 ## - SOURCE OF ACQUISITION | |
| Source of stock number/acquisition | Pragati Publication |
| 082 ## - DEWEY DECIMAL CLASSIFICATION NUMBER | |
| Classification number | 616.2414 |
| 100 ## - MAIN ENTRY--PERSONAL NAME | |
| Personal name | Hossain, Delwar |
| 245 ## - TITLE STATEMENT | |
| Title | Covid-19: |
| Remainder of title | Global Pandemic and Aspects of Human Security in South Asia Implications and Way Forward/ |
| Statement of responsibility, etc | Delwar Hossain and Shariful Islam |
| 260 ## - PUBLICATION, DISTRIBUTION, ETC. (IMPRINT) | |
| Place of publication, distribution, etc | New Delhi |
| Name of publisher, distributor, etc | Pentagon Press LLP |
| Date of publication, distribution, etc | 2020 |
| 270 ## - ADDRESS | |
| Address | 206, Peacock Lane, Shapur Jat, |
| City | New Delhi |
| Postal code | 110049 |
| 300 ## - PHYSICAL DESCRIPTION | |
| Extent | 184p. |
| Dimensions | 23cm(hb) |
| 700 ## - ADDED ENTRY--PERSONAL NAME | |
| Personal name | Islam, Shariful |
| 942 ## - ADDED ENTRY ELEMENTS (KOHA) | |
| Source of classification or shelving scheme | Dewey Decimal Classification |
| Item type | English Books |
| Call number suffix | HOS |
| Classification part | 616.2414 |
| Withdrawn status | Lost status | Not for loan | Collection code | Home library | Current library | Date acquired | Source of acquisition | Cost, normal purchase price | Full call number | Barcode | Copy number | Cost, replacement price | Koha item type |
|---|---|---|---|---|---|---|---|---|---|---|---|---|---|
| Non-fiction | Central Library | Central Library | 03/05/2023 | Pragati Pub./11/25.11.22/193/23.11.22/2.12.22 | 895.00 | 616.2414 HOS | B-746948 | 1 | 895.00 | English Books | |||
| Non-fiction | Patel Nagar | Patel Nagar | 03/05/2023 | Pragati Pub./11/25.11.22/193/23.11.22/2.12.22 | 895.00 | 616.2414 HOS | B-746949 | 1 | 895.00 | English Books | |||
| Non-fiction | Sarojini Nagar | Sarojini Nagar | 03/05/2023 | Pragati Pub./11/25.11.22/193/23.11.22/2.12.22 | 895.00 | 616.2414 HOS | B-746950 | 1 | 895.00 | English Books | |||
| Non-fiction | Shahdara Branch | Shahdara Branch | 03/05/2023 | Pragati Pub./11/25.11.22/193/23.11.22/2.12.22 | 895.00 | 616.2414 HOS | B-746951 | 1 | 895.00 | English Books |
